| 000 | 01383nam a2200361Ia 4500 | ||
|---|---|---|---|
| 001 | ebr10061006 | ||
| 003 | CaPaEBR | ||
| 006 | m u | ||
| 007 | cr cn||||||||| | ||
| 008 | 860421s1986 enka sb 001 0 eng d | ||
| 010 | _z 86005887 | ||
| 020 | _z0203404378 | ||
| 020 | _z0422791008 | ||
| 020 | _z0422791105 (pbk.) | ||
| 040 |
_aCaPaEBR _cCaPaEBR |
||
| 035 | _a(OCoLC)644372999 | ||
| 050 | 1 | 4 |
_aRC488.5 _b.B8 1986eb |
| 082 | 0 | 4 |
_a616.89/156 _219 |
| 100 | 1 | _aBurnham, John B. | |
| 245 | 1 | 0 |
_aFamily therapy _h[electronic resource] : _bfirst steps towards a systemic approach / _cJohn B. Burnham. |
| 260 |
_aLondon ; _aNew York : _bTavistock Publications in association with Methuen, _c1986. |
||
| 300 |
_axii, 244 p. : _bill. |
||
| 490 | 1 | _aTavistock library of social work practice | |
| 500 | _aIncludes indexes. | ||
| 504 | _aIncludes bibliography and indexes. | ||
| 533 |
_aElectronic reproduction. _bPalo Alto, Calif. : _cebrary, _d2011. _nAvailable via World Wide Web. _nAccess may be limited to ebrary affiliated libraries. |
||
| 650 | 0 | _aFamily psychotherapy. | |
| 650 | 0 | _aFamilies. | |
| 655 | 7 |
_aElectronic books. _2local |
|
| 710 | 2 | _aebrary, Inc. | |
| 830 | 0 | _aTavistock library of social work practice. | |
| 856 | 4 | 0 |
_uhttp://site.ebrary.com/lib/rucke/Doc?id=10061006 _zAn electronic book accessible through the World Wide Web; click to view |
| 999 |
_c155830 _d155830 |
||